000 005380000a22002050004500
003 LK-CoMWRAF
005 20231106163525.0
008 230817t1996 ||||| |||| 00| 0 eng d
020 _a195613228
040 _aLK-CoMWRAF
_dLK-CoMWRAF
_eLK-CoMWRAF
041 _aeng
082 _a954
_bNEH
100 _aNehru, Jawaharlal
245 _aThe discovery of India
250 _a16th ed.
260 _aNew Delhi
_bJawaharlal Nehru memorial fund,
_c1996
300 _a582 p. ; 23 cm.
_bIndex included
650 _aINDIA-History
942 _cBK
999 _c492
_d492